<?xml version="1.0" encoding="UTF-8"?><?xml-stylesheet type="text/xsl" href="static/style.xsl"?><OAI-PMH xmlns="http://www.openarchives.org/OAI/2.0/" xmlns:xsi="http://www.w3.org/2001/XMLSchema-instance" xsi:schemaLocation="http://www.openarchives.org/OAI/2.0/ http://www.openarchives.org/OAI/2.0/OAI-PMH.xsd"><responseDate>2026-04-13T06:58:13Z</responseDate><request verb="GetRecord" identifier="oai:www.recercat.cat:2099.1/11117" metadataPrefix="marc">https://recercat.cat/oai/request</request><GetRecord><record><header><identifier>oai:recercat.cat:2099.1/11117</identifier><datestamp>2025-07-23T01:25:04Z</datestamp><setSpec>com_2072_1033</setSpec><setSpec>col_2072_452951</setSpec></header><metadata><record xmlns="http://www.loc.gov/MARC21/slim" xmlns:dcterms="http://purl.org/dc/terms/" xmlns:xsi="http://www.w3.org/2001/XMLSchema-instance" xmlns:doc="http://www.lyncode.com/xoai" xsi:schemaLocation="http://www.loc.gov/MARC21/slim http://www.loc.gov/standards/marcxml/schema/MARC21slim.xsd">
   <leader>00925njm 22002777a 4500</leader>
   <datafield ind2=" " ind1=" " tag="042">
      <subfield code="a">dc</subfield>
   </datafield>
   <datafield ind2=" " ind1=" " tag="720">
      <subfield code="a">Ayuso Alonso, Raúl</subfield>
      <subfield code="e">author</subfield>
   </datafield>
   <datafield ind2=" " ind1=" " tag="260">
      <subfield code="c">2011-01-12</subfield>
   </datafield>
   <datafield ind2=" " ind1=" " tag="520">
      <subfield code="a">El present projecte pretén dissenyar un motllo d’injecció per a la producció del tapaboques de les rodes d’un avió, que inicialment eren fabricades de titani.&#xd;
Per a la fabricació s’ha escollit el polímer PEEK de la marca Victrex, ja que és un termoplástic que té unes propietats mecàniques, químiques i tèrmiques excepcionals, capça d’aguantar un rang de&#xd;
temperatures de treball de -60 ºC a 250 ºC, cosa que repercutirà en el disseny del motllo.&#xd;
Primer s’ha realitzat un estudi previ de les condicions que haurà de suportar el motllo per tindre una idea bàsica de com serà. S’han contemplat totes les alternatives possibles per fer un disseny&#xd;
conceptual del motllo que faciliti la injecció de la peça i permeti la seva expulsió.&#xd;
Posteriorment s’ha simulat el procés mitjançant el software Moldflow, per coneixer detalladament tots els factors que intervenen en la injecció i verificar els resultats de l’estudi previ.&#xd;
Un cop s’han dimensionat tots els components del motllo (alguns d’ells innovadors) i modelitzat amb SolidWorks, s’ha realitzat un anàlisi d’elements finits per comprovar que resisteixen.&#xd;
Per últim, s’ha estudiat l’impacte mediambiental i els costos i beneficis del projecte.</subfield>
   </datafield>
   <datafield tag="653" ind2=" " ind1=" ">
      <subfield code="a">Àrees temàtiques de la UPC::Enginyeria mecànica</subfield>
   </datafield>
   <datafield tag="653" ind2=" " ind1=" ">
      <subfield code="a">Materials science</subfield>
   </datafield>
   <datafield tag="653" ind2=" " ind1=" ">
      <subfield code="a">Motlles -- Fabricació</subfield>
   </datafield>
   <datafield ind2="0" ind1="0" tag="245">
      <subfield code="a">Diseño de un molde de inyección en peek (poliether ether ketone) para el sector aerospacial</subfield>
   </datafield>
</record></metadata></record></GetRecord></OAI-PMH>